Siddhartha

Saved in:
Bibliografiske detaljer
Hovedforfatter: Hesse, Hermann (autor)
Format: Bog
Sprog:spansk
Udgivet: Lima Peisa 1975
Fag:
Tags: Tilføj Tag
Ingen Tags, Vær først til at tagge denne postø!

MARC

LEADER 00000nam a2200000 a 4500
001 UCH4353
003 CL-VaPUC
008 090818e19750000PE |||||||||||||||||spa|d
082 0 4 |a 833  |b HES  |2 21 
100 |a Hesse, Hermann  |e autor  |9 546760 
245 1 0 |a Siddhartha 
300 |a 168 p 
942 |c BK 
945 |d 20090818 00:00:00  |a lazolas 
260 |a Lima  |b Peisa  |c 1975 
650 0 |a Novelas alemanas   |9 265783 
583 |a last modification  |c 20090818 00:00:00  |k Rodrigo Vera 
999 |c 335678  |d 335676